Statistics for Overseas Territories of France

Click here to take the quiz!

General Stats

  • This quiz has been taken 41 times
    (31 since last reset)
  • The average score is 7 of 12

Answer Stats

Answer % Correct
Martinique
85%
Guadeloupe
77%
French Guiana
77%
Reunion
73%
New Caledonia
69%
French Polynesia
65%
Saint Martin
62%
Saint Pierre and Miquelon
58%
Saint Barthelemy
54%
Wallis and Futuna
50%
French southern and Antarctic Lands
38%
Clipperton Island
27%

Score Distribution

Percentile by Number Answered

Percent of People with Each Score

Your Score History

You have not taken this quiz since the last reset